| 000 | 01388nam0a2200361 4500 | ||
|---|---|---|---|
| 001 | RU\NLR\bibl\818768 | ||
| 005 | 20250614134946.0 | ||
| 010 |
_a5-7905-2569-5 _95000 |
||
| 021 |
_aRU _b2005-31175 _91562 |
||
| 035 | _a(NLR Aleph) 000807692 | ||
| 090 |
_a1221311 _c1221311 |
||
| 100 | _a20050712d2005 |||y0rusy50 ca | ||
| 101 | 1 |
_arus _ceng |
|
| 102 | _aRU | ||
| 105 | _ay ||||||||| | ||
| 200 | 1 |
_aГимнастика для души _dMore fast food for the soul _eпервые шаги на пути обретения силы _fБарабара Бергер _g[пер. с англ. М.В. Будыниной] _zeng |
|
| 210 |
_aМосква _cРИПОЛ классик _d2005 |
||
| 215 |
_a157, [1] с. _d21 |
||
| 225 | 1 | _aСерия "Овладение жизненной силой" | |
| 300 | _aАвт. также на англ. яз.: Barbara Berger | ||
| 320 | _aБиблиогр. в примеч. в конце кн. | ||
| 510 | 0 |
_aMore fast food for the soul _zeng |
|
| 606 | 1 |
_aПсихогигиена _9929392 _3RU\NLR\auth\6623393 |
|
| 606 | 1 |
_aПсихоэнергетика _92099156 _3RU\NLR\auth\661269768 |
|
| 686 | _aЮ937.2 | ||
| 686 | _aЮ96 | ||
| 700 | 1 |
_aБергер _bБ. _gБарбара _4070 |
|
| 790 | 1 |
_aBerger _bB. _gBarbara _4070 |
|
| 801 | 0 |
_aRU _bNLR _c20050712 _gPSBO |
|
| 801 | 1 |
_aRU _bNLR _c20050712 |
|
| 942 | _cBOOK | ||
| 980 | _aNB | ||